|
|
|
|
| LEADER |
00000cam a2200000 7i4500 |
| 001 |
0000011386 |
| 005 |
20071113.0 |
| 008 |
071113 |
| 020 |
|
|
|a 9832629160
|
| 090 |
0 |
0 |
|a ZUR
|b MAL
|
| 100 |
0 |
|
|a Zuraihan Jimat
|
| 245 |
1 |
0 |
|a Red
|c Zuraihan Jimat
|
| 260 |
|
|
|a Kuala Lumpur :
|b Editioral Ghostwriter ,
|c 2003
|
| 650 |
|
0 |
|a Novel
|
| 650 |
|
0 |
|a Young adult fiction, Malay
|
| 999 |
|
|
|a 0000909486
|b Book
|c Adult Collection
|e Cawangan Bandar Tenggara
|
| 999 |
|
|
|a 0001001582
|b Book
|c Adult Collection
|e Perbadanan Perpustakaan Awam Johor
|
| 999 |
|
|
|a 0001001583
|b Book
|c Adult Collection
|e Perbadanan Perpustakaan Awam Johor
|
| 999 |
|
|
|a 0001001584
|b Book
|c Adult Collection
|e Perbadanan Perpustakaan Awam Johor
|
| 999 |
|
|
|a 0001019266
|b Book
|c Adult Collection
|e Perbadanan Perpustakaan Awam Johor
|
| 999 |
|
|
|a 0001019267
|b Book
|c Adult Collection
|e Cawangan Segamat
|
| 999 |
|
|
|a 0001027256
|b Book
|c Adult Collection
|e Cawangan Tangkak
|